Statistiken für ipse ipsa ipsum

Klicken Sie hier um das Quiz zu spielen!

Allgemein

  • Dieses Quiz wurde 123 mal gespielt
  • Das Durchschnittsergebnis liegt bei 19 aus 22

Antwortstatistiken

HintAntwort% Korrekt
ipsa
100%
1. Fallipse
100%
ipsum
100%
ipsa
88%
ipsae
88%
ipsam
88%
ipsarum
88%
3. Fallipsi
88%
ipsorum
88%
2. Fallipsorum
88%
ipsa
86%
ipsa
84%
ipsas
84%
3. Fallipsis
84%
ipso
84%
6. Fallipso
84%
ipsum
84%
4. Fallipsum
84%
1. Fallipsi
82%
4. Fallipsos
82%
6. Fallipsis
80%
2. Fallipsius
79%

Verteilung der Resultate

Perzentil nach korrekt beantworteten Fragen

Anzahl Personen mit jedem Resultat

Ihre Resultats-Entwicklung

Sie haben dieses Quiz noch nicht gespielt